00963nam a2200277 u 450000100100000000500170001000800410002702000150006804300120008308200190009510000240011424501090013825000120024726000410025930000300030049000130033050000680034360000300041165000180044165000120045965000230047165000260049470000270052099900150054795201230056200003811620200120222308.0100312s2000 cau r 000 0 spa d a848156253X ae-sp---04a759.6bB172211 aBittistini, Matilde10aPicasso : el genio que reune el arte del siglo XX /cMatilde Bittistini; traducción: Víctor Gallego. a1a. ed. aMadrid :bMondadori ; electa,c2000. a143 p. :bIl., col., fot. 0aArt book aEj.1 de Mosquera donado por la Biblioteca Nacional - PNLB 2012.17aPicasso, Pablod1881-197327aArte siglo XX27aCubismo17aPintura española27aPintores españolaes1 aGallego, Víctoretr. c2251d2251 00102ddc40708GENaBPMOSbBPMOSd2020-01-20l0o759.6 B17pMOS001059r2020-01-20tej.1w2020-01-20yBKzOcho días